| 000 | 00497nam a2200181Ia 4500 | ||
|---|---|---|---|
| 001 | 4357 | ||
| 005 | 20260306145750.0 | ||
| 008 | 260306t2012||||xx |||||||||||||| ||spa|| | ||
| 041 | _aESP | ||
| 082 |
_a320.985 _bD75D |
||
| 100 |
_aDiez Canseco Terry, Raúl _eAUT |
||
| 245 | 0 |
_aHomenaje al presidente Fernando Belaunde: _ben el primer centenario de su nacimiento (1912-2012) |
|
| 260 | _c2012 | ||
| 300 |
_a78 páginas : _c20 cm. |
||
| 650 | _aGEN | ||
| 654 | _aCDE | ||
| 942 |
_cLIB _dJUS _fJUS _2ddc _n |
||
| 999 |
_c4357 _d4357 |
||